000 01258naa a22003497a 4500
001 BR8601840
003 BR-BrBNA
005 20240918175650.0
007 ta
008 230509b bl.||||| |||| 00| 0 por d
040 _aBR-BrBNA
_bpor
_cBiblioteca Nacional de Agricultura
041 _a(Pt)
072 _aF08
_b0170
_b0140
_b1930
_b0120
_bG514
090 _aF08 BR8601840
100 1 _aSilva, A.V. da
245 1 _aPotencialidades para a utilizacao de gramineas como cultura de outono/inverno no estado de Sao Paulo
246 1 _a[Potentials for the use of gramineae as fall/winter crop in the state of Sao Paulo]
246 1 _a[Direct planting up to date]
260 3 _aCampinas, SP (Brasil):
_c1985.
500 _aFrancelli, A.L. (ed.) Atualizacao em plantio direto Campinas, SP (Brasil): 1985. p. 239-246 (BR8601840-AM)F08
650 _aPLANTIO DIRETO
650 _aGRAMINEA
650 _aSORGO
650 _aAVEIA
650 _aAZEVEM
650 _aMILHO
650 _aSETARIA
650 _aSAO PAULO
773 0 _tAtualizacao em plantio direto
_aFrancelli, A.L. (ed.)- Fundacao Cargill, Campinas, SP (Brasil)
_wF08 BR8601828
_gCampinas, SP (Brasil), 1985.
_q350 p.
909 _a202404
_bLucia
_c55
_dLucia Elande
942 _cAM
_2AGRIS
999 _c317677
_d317677